Bájky (Record no. 21716)
[ view plain ]
| 000 -LEADER | |
|---|---|
| fixed length control field | 01206nam a22003733a 4500 |
| 001 - CONTROL NUMBER | |
| control field | 21716 |
| 003 - CONTROL NUMBER IDENTIFIER | |
| control field | VRT |
| 005 - DATE AND TIME OF LATEST TRANSACTION | |
| control field | 20260309102425.0 |
| 008 - FIXED-LENGTH DATA ELEMENTS--GENERAL INFORMATION | |
| fixed length control field | 091216s2009 xo a j 000 j slo d |
| 020 ## - INTERNATIONAL STANDARD BOOK NUMBER | |
| International Standard Book Number | 9788089251551 (viaz.) |
| 035 ## - SYSTEM CONTROL NUMBER | |
| System control number | a000419924 |
| 039 #9 - LEVEL OF BIBLIOGRAPHIC CONTROL AND CODING DETAIL [OBSOLETE] | |
| Level of rules in bibliographic description | 201003231030 |
| Level of effort used to assign nonsubject heading access points | muro |
| Level of effort used to assign subject headings | 201003090944 |
| Level of effort used to assign classification | pechova |
| 040 ## - CATALOGING SOURCE | |
| Original cataloging agency | UKB |
| Language of cataloging | slo |
| Transcribing agency | UKB |
| Description conventions | AACR2 |
| 041 1# - LANGUAGE CODE | |
| Language code of text/sound track or separate title | slo |
| Language code of original | fre |
| 044 ## - COUNTRY OF PUBLISHING/PRODUCING ENTITY CODE | |
| MARC country code | xo |
| ISO country code | SK |
| 072 #7 - SUBJECT CATEGORY CODE | |
| Subject category code | 821-93 |
| Subject category code subdivision | Literatúra pre deti a mládež |
| Source | konspekt |
| 080 ## - UNIVERSAL DECIMAL CLASSIFICATION NUMBER | |
| Universal Decimal Classification number | 821-93 |
| Edition identifier | 2004 |
| 080 ## - UNIVERSAL DECIMAL CLASSIFICATION NUMBER | |
| Universal Decimal Classification number | (0:82-343) |
| Edition identifier | 2004 |
| 100 1# - MAIN ENTRY--PERSONAL NAME | |
| Personal name | La Fontaine, Jean de, |
| Dates associated with a name | 1621-1695 |
| 240 14 - UNIFORM TITLE | |
| Uniform title | Les plus belles fables. |
| Language of a work | Slovensky |
| 245 10 - TITLE STATEMENT | |
| Title | Bájky |
| Statement of responsibility, etc. | Jean de La Fontaine ; ilustrácie Philippe Salembier ; [z francúzskeho originálu redakcia Alena Kolesárová] |
| 260 ## - PUBLICATION, DISTRIBUTION, ETC. | |
| Place of publication, distribution, etc. | Bratislava |
| Name of publisher, distributor, etc. | Viktoria Print |
| Date of publication, distribution, etc. | 2009 |
| 300 ## - PHYSICAL DESCRIPTION | |
| Extent | 116 s. |
| Other physical details | il. |
| 653 ## - INDEX TERM--UNCONTROLLED | |
| Uncontrolled term | 821-93 |
| 653 ## - INDEX TERM--UNCONTROLLED | |
| Uncontrolled term | (0:82-343) |
| 655 #7 - INDEX TERM--GENRE/FORM | |
| Genre/form data or focus term | bájky |
| Source of term | UKBPH |
| 655 #7 - INDEX TERM--GENRE/FORM | |
| Genre/form data or focus term | publikácie pre deti |
| Source of term | UKBPH |
| 700 1# - ADDED ENTRY--PERSONAL NAME | |
| Personal name | Salembier, Philippe, |
| Dates associated with a name | 1939- |
| Relationship | ill |
| 700 1# - ADDED ENTRY--PERSONAL NAME | |
| Personal name | Kolesárová, Alena |
| Relationship | red |
| 910 ## - USER-OPTION DATA (OCLC) | |
| User-option data | ukb |
| 942 ## - ADDED ENTRY ELEMENTS (KOHA) | |
| Source of classification or shelving scheme | Dewey Decimal Classification |
| Koha item type | Krásna literatúra pre deti |
| Suppress in OPAC | No |
| 949 ## - LOCAL PROCESSING INFORMATION (OCLC) | |
| 6 | 1800443779 |
| a | SL.B.34808 |
| b | PV.14809-2009 |
| 949 ## - LOCAL PROCESSING INFORMATION (OCLC) | |
| 6 | 1800443780 |
| a | SK.B.20614 |
| b | PV.14810-2009 |
| s | 6707:20100329 |
| Stav vyradenia | Strata | Poškodenie | Spôsob nadobudnutia | Domovská knižnica | Aktuálna knižnica | Dátum nadobudnutia | Total checkouts | Čiarový kód exemplára | Date last seen | Typ exemplára |
|---|---|---|---|---|---|---|---|---|---|---|
| Dar | Obecná knižnica Turčianska Štiavnička | Obecná knižnica Turčianska Štiavnička | 09.03.2026 | 4738000313 | 09.03.2026 | Krásna literatúra pre deti |
